00496nam a2200193 a 4500001001300000003000900013005001700022008004100039020002200080082001500102100002200117245001700139260004000156300000900196500003500205505001700240650002300257700002200280nice12345678IN_TiNIC20260116012011.0050524s1973 jeda grp 000 0 eng  a0340451 c8400a275.1bBOS aBosshardt, Alfred aGuiding Hand aJeddahbHodder and Stoughton c1973 a190p aincludes index and biblioraphy2 aBibliography aChristianity-China1 aBosshardt, Alfred